000 00499nam a2200181Ia 4500
008 240925s9999 xx 000 0 und d
020 _a8176356697
082 _a005.756 STE
100 _aSteve , Lucas
245 0 _aSpecial Eduction Using Crystal Enterprise 8.5
250 _aNA
260 _aIndia:
_bTechmedia publications
_c,2003.
300 _axx,589p.
_bNA
_fOriginal
500 _aNA
600 _aComputer Science
650 _aComputer science, information & general works
942 _cBK
999 _c7477
_d7477